The reform of financial management in the European Commission: A public management policy cycle case study. (Record no. 94908)

000 -LEADER
fixed length control field 00513pab a2200169 454500
008 - FIXED-LENGTH DATA ELEMENTS--GENERAL INFORMATION
fixed length control field 180718b2011 xxu||||| |||| 00| 0 eng d
100 ## - MAIN ENTRY--PERSONAL NAME
Personal name Levy, Roger P.
245 ## - TITLE STATEMENT
Title The reform of financial management in the European Commission: A public management policy cycle case study.
260 ## - PUBLICATION, DISTRIBUTION, ETC.
Date of publication, distribution, etc. 2011
300 ## - PHYSICAL DESCRIPTION
Extent p.1546-1567.
650 ## - SUBJECT ADDED ENTRY--TOPICAL TERM
Topical term or geographic name entry element Financial administration
700 ## - ADDED ENTRY--PERSONAL NAME
Personal name Porras - Gomez, Autonio- Martin
700 ## - ADDED ENTRY--PERSONAL NAME
Personal name Barzelay, Michael
773 ## - HOST ITEM ENTRY
Main entry heading Public Administration
908 ## - PUT COMMAND PARAMETER (RLIN)
Put command parameter N
909 ## -
-- 94908
Holdings
Withdrawn status Lost status Damaged status Not for loan Permanent Location Current Location Date acquired Serial Enumeration / chronology Barcode Date last seen Price effective from Koha item type
        Indian Institute of Public Administration Indian Institute of Public Administration 2018-07-19 Volume no: 89, Issue no: 4 AR95368 2018-07-19 2018-07-19 Articles

Powered by Koha